=LDR 00000nam 2200000 4500 =001 INLIS000000000008087 =005 20130612100010 =008 ***********************************Ind** =035 ##$$0010-061300000008087 =041 ##$$a Ind =082 ##$$a 613.79 =090 ##$$a 613.79, Ric c =100 ##$$a Richard, Jenny =245 ##$$a Relaxation for children, Jenny Richard =260 ##$$a 2000 $b Jakarta =300 ##$$a xii, 185 hlm, ilus, 23 cm =650 ##$$a Relaksasi